Tradition and innovationn in the ancient world

Bibliographic Details
Other Authors: Dąbrowa, Edward (edi)
Format: Book
Language:English
PhysicalDescription:117 s., [2] s. fareb. obr. príl. ilustr. (niektoré fareb.) 24 cm
Published: Kraków Jagiellonian University Press c2002
ISBN:8323315787
Edition:1. wyd.
Series:Electrum
Subjects:

MARC

LEADER 00000nam a2200000 a 4500
001 vtls001468321
003 SK-MaSNL
005 20260301163555.0
008 251113s2002 PL a 0 eng
020 |a 8323315787 
035 |a SNK000423626 
040 |a SNK  |b slo  |c SNK  |e AACR2 
044 |a PL 
072 7 |a 930.85  |x Dejiny civilizácie. Kultúrne dejiny  |2 konspekt 
080 |a 316.722(3)  |2 1981 
080 |a (262)  |2 1981 
080 |a (5-15)  |2 1981 
080 |a (066)  |2 1981 
245 1 |a Tradition and innovationn in the ancient world  |c edited by Edward Dąbrowa 
250 |a 1. wyd. 
260 |a Kraków  |b Jagiellonian University Press  |c c2002 
300 |a 117 s., [2] s. fareb. obr. príl.  |b ilustr. (niektoré fareb.)  |c 24 cm 
490 1 |a Electrum  |v vol. 6 
500 |a Čiast. text tal. a nem. 
650 0 7 |a staroveké civilizácie  |z Blízky východ  |2 SNK  |9 529757 
650 0 7 |a staroveké civilizácie  |z Stredozemné more-oblasť  |2 SNK  |9 529758 
655 7 |a zbierky  |2 SNK  |9 70533 
655 7 |a zborníky  |2 SNK  |9 70165 
700 1 |a Dąbrowa, Edward  |4 edi  |9 395204 
830 0 |a Electrum  |9 395205 
919 |a 83-233-1578-7 
999 |c 817439  |d 819369 
952 |t P60, <04>, [BOOK], {604}  |a SNK  |b SNK  |y VYP  |7 0  |p 17A0414802  |o snkIC 137372  |i snkV 282/2004  |8 2  |g 4.78  |0 0  |1 0  |4 0  |d 2004-02-12  |l 0  |r 2005-01-02 00:00:00  |w 2026-02-24